000 00645cam a22002051 4500
001 rc 01000748
003 DLC
005 20260227111901.0
008 961202s1891 caucf 000 0deng
010 _arc 01000748
035 _a(OCoLC)36018969
040 _aDLC
_cNN
_dNN
_dDLC
050 0 0 _aF864
_b.S8
100 1 _aSwasey, W. F.
_q(William F.)
245 1 4 _aThe early days and men of California;
_cby W. F. Swasey, 1891.
260 _aOakland, Cal.,
_aNew York [etc.]
_bPacific Press Publishing Company
_c[1891]
300 _ax, 9-406 p.
_bfront., plates, port.
_c23 cm.
651 0 _aCalifornia
_xHistory.
651 0 _aCalifornia
_xBiography.
999 _c51891
_d51891